000 00337nam a2200133Ia 4500
005 20251222143236.0
008 251222s9999||||xx |||||||||||||| ||spa||
020 _a84-205-4192-3
082 _a620.001/A45
100 _aAlonso Betanzo, Amparo
245 0 _aIngeniería del Conocimiento:
264 _bPearson Educación
942 _cLIB
999 _c14396
_d14396